[Event "Elite-ch POM"]
[Site "Montreal"]
[Date "2013.10.12"]
[Round "2"]
[White "Nikulich, Oleksandr"]
[Black "Sambuev, Bator"]
[Result "0-1"]
[WhiteElo "2100"]
[BlackElo "2575"]
[PlyCount "134"]
[EventDate "2013.10.11"]
[EventType "swiss"]
[EventRounds "7"]
[EventCountry "CAN"]
[SourceTitle "EXT 2022"]
[Source "ChessBase"]
[SourceDate "2021.10.06"]
[SourceVersion "1"]
[SourceVersionDate "2021.10.06"]
[SourceQuality "1"]

1. Nf3 Nf6 2. c4 g6 3. Nc3 Bg7 4. e4 d6 5. d4 0-0 6. g3 Bg4 7. Bg2 Nc6 8. h3 Bxf3 9. Bxf3 Nd7 10. Be3 e5 11. d5 Nd4 12. Bg2 c5 13. dxc6 bxc6 14. 0-0 Rb8 15. b3 Nc5 16. Rc1 a5 17. Ne2 a4 18. bxa4 Nxe2+ 19. Qxe2 Qa5 20. Rfd1 Rfd8 21. Qd2 Ra8 22. Qxa5 Rxa5 23. Rb1 Bf8 24. Bxc5 Rxc5 25. Bf1 Ra8 26. Rb7 Rca5 27. Bd3 c5 28. Rb2 Rxa4 29. Rdd2 Be7 30. h4 Kf8 31. Kf1 Ke8 32. Be2 R8a6 33. Ke1 Bd8 34. Kd1 Ba5 35. Rdc2 Bb4 36. Bg4 Ke7 37. Be2 Ra7 38. Bf1 Ra3 39. Kc1 Bc3 40. Rb8 Bd4 41. Bg2 Rxa2 42. Rb7+ Kf8 43. Rxa7 Rxa7 44. Kd1 Ke8 45. Ke2 Ra3 46. Bh3 Kd8 47. Bg4 Kc7 48. Bh3 Kb6 49. Bd7 Ka5 50. Bc6 Kb4 51. Bd5 Kb3 52. Rd2 Bc3 53. Rd3 Ra1 54. Rf3 f5 55. exf5 e4 56. Bxe4 Kxc4 57. Rf4 Be5 58. fxg6 hxg6 59. Rg4 d5 60. Bxg6+ d4 61. h5 Bh8 62. h6 Kc3 63. h7 c4 64. Bf7 Rh1 65. Rg8 d3+ 66. Kf3 d2 67. Rd8 Bd4 0-1

[Event "Montreal op"]
[Site "Montreal"]
[Date "2013.09.08"]
[Round "5"]
[White "Nicula, Marius"]
[Black "Nikulich, Oleksandr"]
[Result "1-0"]
[WhiteElo "2184"]
[BlackElo "2117"]
[PlyCount "85"]
[EventDate "2013.09.06"]
[EventType "swiss"]
[EventRounds "5"]
[EventCountry "CAN"]
[SourceTitle "EXT 2022"]
[Source "ChessBase"]
[SourceDate "2021.10.06"]
[SourceVersion "1"]
[SourceVersionDate "2021.10.06"]
[SourceQuality "1"]

1. Nf3 d5 2. g3 Nf6 3. Bg2 Bg4 4. c4 c6 5. Qb3 Qb6 6. d3 e6 7. Qc2 Bc5 8. e3 Nbd7 9. 0-0 dxc4 10. d4 Bd6 11. Nbd2 Qa6 12. Nxc4 Bc7 13. Nfe5 Nxe5 14. dxe5 Nd5 15. f3 Bh5 16. e4 Nb6 17. Nd6+ Bxd6 18. exd6 Qc4 19. Qd2 Qc5+ 20. Kh1 0-0-0 21. Rd1 Rd7 22. b4 Qb5 23. a4 Nxa4 24. g4 Rhd8 25. Qe1 Rxd6 26. Rxd6 Rxd6 27. Bf1 Qe5 28. Rxa4 Bg6 29. Bg2 a6 30. Be3 Qb2 31. Ra1 Rd3 32. Bb6 Qb3 33. f4 f6 34. f5 Bf7 35. Rb1 Qa2 36. Rd1 Qb3 37. Rxd3 Qxd3 38. Kg1 e5 39. Bf1 Qd6 40. Be2 Bb3 41. Qc3 Bd1 42. Qc4 Bxe2 43. Qg8+ 1-0

[Event "Montreal op"]
[Site "Montreal"]
[Date "2013.09.08"]
[Round "4"]
[White "Nikulich, Oleksandr"]
[Black "Yu, Zong Yang"]
[Result "1-0"]
[WhiteElo "2117"]
[BlackElo "2070"]
[PlyCount "71"]
[EventDate "2013.09.06"]
[EventType "swiss"]
[EventRounds "5"]
[EventCountry "CAN"]
[SourceTitle "EXT 2022"]
[Source "ChessBase"]
[SourceDate "2021.10.06"]
[SourceVersion "1"]
[SourceVersionDate "2021.10.06"]
[SourceQuality "1"]

1. Nf3 d5 2. c4 c6 3. d4 Nf6 4. Nc3 dxc4 5. a4 Bf5 6. e3 e6 7. Bxc4 Bb4 8. 0-0 0-0 9. Bd2 a5 10. h3 Nbd7 11. Nh4 Nb6 12. Be2 Ne4 13. Nxf5 exf5 14. Be1 Qe7 15. Qb3 c5 16. Nxe4 fxe4 17. Bxb4 axb4 18. a5 Nd7 19. dxc5 Qxc5 20. Rfd1 Nf6 21. Rdc1 Qd6 22. Rc4 Qd2 23. Bf1 Qd5 24. Rxb4 Rxa5 25. Rxa5 Qxa5 26. Rxb7 Qh5 27. Bc4 g5 28. Rb8 g4 29. Rxf8+ Kxf8 30. Be2 Qh4 31. hxg4 Nxg4 32. Qb8+ Kg7 33. Qf4 f5 34. Bxg4 Qxg4 35. Qxg4+ fxg4 36. Kh2 1-0

[Event "Quebec op"]
[Site "Montreal"]
[Date "2013.07.24"]
[Round "5"]
[White "Lopez Linares, Lizandro Fernando"]
[Black "Nikulich, Oleksandr"]
[Result "1/2-1/2"]
[WhiteElo "2095"]
[BlackElo "2093"]
[PlyCount "62"]
[EventDate "2013.07.21"]
[EventType "swiss"]
[EventRounds "9"]
[EventCountry "CAN"]
[SourceTitle "EXT 2022"]
[Source "ChessBase"]
[SourceDate "2021.10.06"]
[SourceVersion "1"]
[SourceVersionDate "2021.10.06"]
[SourceQuality "1"]

1. d4 Nf6 2. Nf3 e6 3. c4 d5 4. Nc3 Be7 5. Bg5 0-0 6. e3 h6 7. Bh4 b6 8. Rc1 Bb7 9. cxd5 Nxd5 10. Bg3 c5 11. dxc5 Bxc5 12. Nxd5 Bxd5 13. Bc4 Bb4+ 14. Ke2 Bb7 15. a3 Be7 16. Qb3 Na6 17. Rhd1 Qc8 18. Bxa6 Bxf3+ 19. Kxf3 Qxa6 20. Qc4 Qb7+ 21. Qe4 Qxe4+ 22. Kxe4 Bf6 23. Be5 Bxe5 24. Kxe5 Rfd8 25. Rxd8+ Rxd8 26. Rc2 Rd5+ 27. Ke4 Rb5 28. b4 a5 29. Rb2 axb4 30. Rxb4 Ra5 31. Rxb6 Rxa3 1/2-1/2

[Event "Quebec op"]
[Site "Montreal"]
[Date "2013.07.21"]
[Round "2"]
[White "Nikulich, Oleksandr"]
[Black "Lebeau, Gilbert"]
[Result "1-0"]
[WhiteElo "2093"]
[BlackElo "2002"]
[PlyCount "51"]
[EventDate "2013.07.21"]
[EventType "swiss"]
[EventRounds "9"]
[EventCountry "CAN"]
[SourceTitle "EXT 2022"]
[Source "ChessBase"]
[SourceDate "2021.10.06"]
[SourceVersion "1"]
[SourceVersionDate "2021.10.06"]
[SourceQuality "1"]

1. Nf3 Nf6 2. c4 e6 3. g3 d5 4. b3 Be7 5. Bg2 c6 6. 0-0 0-0 7. d4 Ne4 8. Nfd2 f5 9. Bb2 Bf6 10. Nf3 c5 11. cxd5 exd5 12. Qc2 Na6 13. dxc5 Naxc5 14. Nbd2 Bd7 15. Nxe4 Bxb2 16. Nxc5 Bxa1 17. Nxd7 Rc8 18. Qd3 Qxd7 19. Rxa1 Qd6 20. Rd1 Kh8 21. Nh4 f4 22. Qxd5 Qf6 23. Rf1 Rc2 24. Qh5 g6 25. Qh6 Rxe2 26. Nxg6+ 1-0

[Event "Montreal Jeunes Espoirs"]
[Site "Montreal"]
[Date "2013.06.30"]
[Round "9"]
[White "Zhu, Hong Rui"]
[Black "Nikulich, Oleksandr"]
[Result "1/2-1/2"]
[WhiteElo "2034"]
[BlackElo "1929"]
[PlyCount "85"]
[EventDate "2013.06.21"]
[EventType "tourn"]
[EventRounds "10"]
[EventCountry "CAN"]
[SourceTitle "EXT 2022"]
[Source "ChessBase"]
[SourceDate "2021.10.06"]
[SourceVersion "1"]
[SourceVersionDate "2021.10.06"]
[SourceQuality "1"]

1. e4 e5 2. Nf3 Nc6 3. d4 exd4 4. Bc4 Bc5 5. c3 Nf6 6. cxd4 Bb4+ 7. Bd2 Bxd2+ 8. Nbxd2 d5 9. exd5 Nxd5 10. Qb3 Na5 11. Qa4+ Nc6 12. Qb3 Na5 13. Qa4+ Nc6 14. Ne5 0-0 15. Ndf3 Nb6 16. Qb3 Nxc4 17. Qxc4 Be6 18. Qc3 Bd5 19. 0-0 Qf6 20. Nd7 Qf4 21. Nxf8 Bxf3 22. Qxf3 Qxf3 23. gxf3 Kxf8 24. Rfd1 Rd8 25. d5 Ne7 26. Rac1 Rxd5 27. Rxd5 Nxd5 28. Rc5 c6 29. a3 Ke7 30. Kf1 Kd6 31. Rc4 b5 32. Rg4 g6 33. Re4 Kd7 34. Re1 Nb6 35. b4 Nc4 36. Ra1 a5 37. bxa5 Nxa5 38. Ke2 Nc4 39. a4 bxa4 40. Rxa4 Nd6 41. h4 h5 42. Ke3 Ke6 43. Re4+ 1/2-1/2

[Event "Montreal Jeunes Espoirs"]
[Site "Montreal"]
[Date "2013.06.29"]
[Round "8"]
[White "Chiku Ratte, Olivier Kenta"]
[Black "Nikulich, Oleksandr"]
[Result "1/2-1/2"]
[WhiteElo "2106"]
[BlackElo "1929"]
[PlyCount "64"]
[EventDate "2013.06.21"]
[EventType "tourn"]
[EventRounds "10"]
[EventCountry "CAN"]
[SourceTitle "EXT 2022"]
[Source "ChessBase"]
[SourceDate "2021.10.06"]
[SourceVersion "1"]
[SourceVersionDate "2021.10.06"]
[SourceQuality "1"]

1. d4 Nf6 2. c4 e6 3. Nc3 Bb4 4. e3 0-0 5. Bd3 d5 6. Nf3 c6 7. 0-0 Nbd7 8. a3 Bd6 9. e4 dxe4 10. Nxe4 Nxe4 11. Bxe4 e5 12. Bc2 exd4 13. Qd3 f5 14. Bg5 Ne5 15. Nxe5 Qxg5 16. Qxd4 Bxe5 17. Qxe5 Qf6 18. Rfe1 Bd7 19. Rad1 Rae8 20. Qxf6 Rxe1+ 21. Rxe1 Rxf6 22. Rd1 Be6 23. b3 Rf8 24. f4 Kf7 25. Kf2 c5 26. Re1 g6 27. Re5 b6 28. Ke3 Rd8 29. Bd3 a5 30. Bc2 Rd4 31. a4 Kf6 32. Bd3 Rd8 1/2-1/2